000 00460nam a2200169Ii 4500
003 JO-AjNU
005 20240110135243.0
008 230605s9999||||xx |||||||||||||| ||und||
040 _aJO-AjNU
_bara
_erda
_cJO-AjNU
041 _aara
050 1 4 _aBP144.D4 1997
245 0 0 _aمخرج بموجب مستند اخراج رقم 46
336 _atext
_btxt
_2rdacontent
337 _aunmediated
_bn
_2rdamedia
338 _avolume
_bnc
_2rdacarrier
942 _2lcc
_cBK
999 _c21446
_d21446